Guess the Language - Statistics

General Stats
  • This quiz has been taken 66 times
  • The average score is 30 of 49
Answer Stats
Language Translation % Correct
This is a language in English! English
100%
C'est une langue en français! French
96%
¡Este es un idioma en español! Spanish
96%
Esta é uma língua em Português! Portuguese
94%
これは日本語の言語です! Japanese
89%
Αυτή είναι μια γλώσσα στα ελληνικά! Greek
83%
Dies ist eine Sprache in Deutsch! German
80%
זוהי שפה בעברית! Hebrew
80%
Questa è una lingua in italiano! Italian
80%
이것은 한국어로 된 언어입니다! Korean
80%
Ito ay isang wika sa Tagalog! Tagalog
80%
هذه لغة باللغة العربية! Arabic
78%
Это язык по русски! Russian
78%
Dit is een taal in het Nederlands! Dutch
76%
Ini adalah bahasa dalam bahasa Indonesia! Indonesian
76%
Bu türkçe bir dildir! Turkish
76%
Hierdie is 'n taal in Afrikaans! Afrikaans
74%
He'ōlelo kēia ma ka'ōlelo Hawaiʻi! Hawaiian
74%
यह हिंदी की एक भाषा है! Hindi
74%
Đây là một ngôn ngữ trong tiếng Việt! Vietnamese
74%
Hoc sermone latine! Latin
72%
Dette er et sprog på dansk! Danish
70%
Ev zimanê kurdî ye! Kurdish
70%
Detta är ett språk på svenska! Swedish
69%
นี่คือภาษาไทย! Thai
67%
Ini adalah bahasa Melayu! Malay
65%
Toto je jazyk v slovenčine! Slovak
65%
Це мова українською! Ukrainian
65%
Ez egy nyelv magyar nyelven! Hungarian
61%
Iki minangka basa Jawa! Javanese
61%
Eyi jẹ ede ni Yoruba! Yoruba
61%
Nke a bụ asụsụ n'asụsụ Igbo! Igbo
57%
Toto je jazyk v češtině! Czech
56%
Bu o'zbek tilida! Uzbek
56%
דאָס איז אַ שפּראַך אויף יידיש! Yiddish
52%
এটি বাংলা ভাষায় একটি ভাষা! Bengali
46%
Ky është një gjuhë në gjuhën shqipe! Albanian
44%
Is teanga Ghaeilge í seo! Irish
44%
Ieu basa di Sunda! Sundanese
44%
یہ اردو میں ایک زبان ہے! Urdu
43%
இது தமிழில் ஒரு மொழி! Tamil
39%
ይህ ቋንቋ በአማርኛ ነው! Amharic
37%
ही मराठी भाषा आहे! Marathi
33%
នេះជាភាសាខ្មែរ! Khmer
28%
ਪੰਜਾਬੀ ਵਿੱਚ ਇਹ ਇੱਕ ਭਾਸ਼ਾ ਹੈ! Punjabi
28%
ഇത് മലയാളത്തിൽ ഒരു ഭാഷയാണ്! Malayalam
20%
తెలుగులో ఇది ఒక భాష! Telugu
19%
这是一种中文的语言! Chinese (Simplified)
17%
這是一種中文的語言! Chinese (Traditional)
17%
No matching quizzes found
Score Distribution
Percent of People with Each Score
Percentile by Number Answered
Your Score History
You have not taken this quiz